Central Library OPAC University of Rajshahi

ট্রাক্টর ও কৃষি যন্ত্রের ব্যবহার এবং রক্ষনাবেক্ষণ তত্ত্ব / (Record no. 85869)

MARC details
000 -LEADER
fixed length control field 01055nam a2200241 a 4500
001 - CONTROL NUMBER
control field 85869
003 - CONTROL NUMBER IDENTIFIER
rucl marc code BD-RjUL
005 - DATE AND TIME OF LATEST TRANSACTION
control field 20251019153739.0
008 - FIXED-LENGTH DATA ELEMENTS--GENERAL INFORMATION
fixed length control field 251019s1992 bg ||||| |||| 00| 0 ben d
035 ## - SYSTEM CONTROL NUMBER
System control number (BD-RjUL)85869
040 ## - CATALOGING SOURCE
Original cataloging agency BD-RjUL
Language of cataloging eng
Transcribing agency BD-RjUL
041 ## - LANGUAGE CODE
Language code of text/sound track or separate title ben
082 ## - DEWEY DECIMAL CLASSIFICATION NUMBER
Edition number 23
Classification number 631.372
Author mark and year MOT 1992
100 ## - MAIN ENTRY--PERSONAL NAME
Personal name মন্ডল, মোঃ নজরুল ইসলাম
9 (RLIN) 17197
245 ## - TITLE STATEMENT
Title ট্রাক্টর ও কৃষি যন্ত্রের ব্যবহার এবং রক্ষনাবেক্ষণ তত্ত্ব /
Statement of responsibility, etc. মোঃ নজরুল ইসলাম মন্ডল
260 ## - PUBLICATION, DISTRIBUTION, ETC. (IMPRINT)
Place of publication, distribution, etc. বগুড়া :
Name of publisher, distributor, etc. মুকুল প্রেস ,
Date of publication, distribution, etc. ১৯৯২
300 ## - PHYSICAL DESCRIPTION
Pagination iv, ২০৮ পৃ. :
Illustrations চিত্র ;
Size ২৪ সেমি.
650 ## - SUBJECT ADDED ENTRY--TOPICAL TERM
Topical term or geographic name as entry element কৃষি প্রকৌশল
9 (RLIN) 17198
Topical term or geographic name as entry element Agricultural Engineering
9 (RLIN) 17199
Topical term or geographic name as entry element কৃষি যন্ত্রের ব্যবহার
9 (RLIN) 17200
Topical term or geographic name as entry element Use of agricultural machinery
9 (RLIN) 17201
942 ## - ADDED ENTRY ELEMENTS (KOHA)
Source of classification or shelving scheme Dewey Decimal Classification
Koha item type Books
Holdings
Lost status Source of classification or shelving scheme Damaged status Not for loan Collection code Permanent Location Current Location Shelving location Date acquired Source of acquisition Cost, normal purchase price Total Checkouts Full call number Date last seen Copy number Koha item type
  Dewey Decimal Classification   Not For Loan Non-fiction Central Library, University of Rajshahi Central Library, University of Rajshahi Reading Room 14/01/1993 Rajshahi : Abul Kalam 125.00   B 631.372 MOT 1992 19/10/2025 C-1 Books